[Event "Toronto op U1600"]
[Site "Toronto"]
[Date "2014.04.20"]
[Round "6"]
[White "Bercovici, Mark"]
[Black "Korcsak, Andrei"]
[Result "0-1"]
[WhiteElo "1229"]
[BlackElo "1591"]
[PlyCount "52"]
[EventDate "2014.04.18"]
[EventType "swiss"]
[EventRounds "6"]
[EventCountry "CAN"]
[SourceTitle "EXT 2022"]
[Source "ChessBase"]
[SourceDate "2021.10.06"]
[SourceVersion "1"]
[SourceVersionDate "2021.10.06"]
[SourceQuality "1"]

1. e4 e5 2. Nc3 Bc5 3. f4 Bxg1 4. Rxg1 Qh4+ 5. g3 Qxh2 6. Rg2 Qh3 7. d4 exf4 8. Bxf4 d6 9. Qe2 Be6 10. 0-0-0 Nd7 11. g4 Ngf6 12. Rg3 Qh4 13. Bh3 Nh5 14. gxh5 Qxf4+ 15. Qe3 Qxe3+ 16. Rxe3 Bxh3 17. Rxh3 0-0-0 18. Rf1 f6 19. h6 g6 20. Re3 c6 21. b4 a6 22. d5 Kc7 23. a4 c5 24. a5 cxb4 25. Na4 Rde8 26. Rf4 f5 0-1